Normal view
MARC view
Entry Personal Name
001 - CONTROL NUMBER
- control field: 1237030
003 - CONTROL NUMBER IDENTIFIER
- control field: OSt
005 - DATE AND TIME OF LATEST TRANSACTION
- control field: 20260430150301.0
008 - FIXED-LENGTH DATA ELEMENTS
- fixed length control field: 260430|| aca||aabn | a|a d
040 ## - CATALOGING SOURCE
- Original cataloging agency: OSt
- Transcribing agency: OSt
100 ## - HEADING--PERSONAL NAME
- Personal name: Nazim Akbar Au.; Chawla Alka Gu
670 ## - SOURCE DATA FOUND
- Source citation: Work cat.: (OSt)1849417: Nazim Akbar Au.; Chawla Alka Gu., Pharmaceutical Patents in India: A Critical Analysis Public and Private Interests, 2023
